Statistics for Historical Figures by Letter - G

Click here to take the quiz!

General Stats

  • This quiz has been taken 93 times
  • The average score is 15 of 20

Answer Stats

HintFigure% Correct
He led India to independenceMahatma Gandhi
99%
Italian astronomer who
improved the telescope
Galileo Galilei
98%
Argentinian Marxist known as "Che"Ernesto Guevara
98%
British monarch during WWIIGeorge VI
97%
Founder of the Mongol EmpireGenghis Khan
95%
Soviet leader with a
famous birthmark
Mikhail
Gorbachev
94%
Printing press inventorJohannes Gutenberg
93%
The first man in spaceYuri Gagarin
91%
Former Libyan dictatorMuammar Gaddafi
88%
Pope whose calendar replaced
the Julian version
Gregory XIII
80%
Notable Nazi propagandistJoseph Goebbels
79%
Most famous Apache leaderGeronimo
76%
Hungarian actress married 9 timesZsa-Zsa Gabor
71%
Assassinated US PresidentJames Garfield
65%
French painter who traveled to TahitiPaul Gauguin
60%
Second Republican U.S. presidentUlysses S. Grant
53%
First Israeli prime ministerDavid Ben-Gurion
50%
King who "Lutheranized" SwedenGustav I
44%
Birth name of BuddhaSiddhārtha Gautama
35%
Female Australian prime ministerJulia Gillard
26%

Score Distribution

Percentile by Number Answered

Percent of People with Each Score

Your Score History

You have not taken this quiz